Trustworthy Artificial Intelligence Implementation (Record no. 4868)

MARC details
000 -CABECERA
campo de control de longitud fija 02932cam a22003735i 4500
001 - NÚMERO DE CONTROL
campo de control 12681994
005 - FECHA Y HORA DE LA ÚLTIMA TRANSACCIÓN
campo de control 20251013170714.0
006 - CÓDIGOS DE INFORMACIÓN DE LONGITUD FIJA--CARACTERÍSTICAS DEL MATERIAL ADICIONAL
campo de control de longitud fija m d
007 - CAMPO FIJO DE DESCRIPCIÓN FÍSICA--INFORMACIÓN GENERAL
campo de control de longitud fija cr n
008 - DATOS DE LONGITUD FIJA--INFORMACIÓN GENERAL
campo de control de longitud fija 221122s2023 sz | o |||| 0|eng d
020 ## - NÚMERO INTERNACIONAL ESTÁNDAR DEL LIBRO
Número Internacional Estándar del Libro 9783031182754
020 ## - NÚMERO INTERNACIONAL ESTÁNDAR DEL LIBRO
Número Internacional Estándar del Libro 9783031182747
020 ## - NÚMERO INTERNACIONAL ESTÁNDAR DEL LIBRO
Número Internacional Estándar del Libro 9783031182761
020 ## - NÚMERO INTERNACIONAL ESTÁNDAR DEL LIBRO
Número Internacional Estándar del Libro 9783031182778
024 7# - IDENTIFICADOR DE OTROS ESTÁNDARES
Número estándar o código 10.1007/978-3-031-18275-4
Fuente del número o código doi
035 ## - NÚMERO DE CONTROL DEL SISTEMA
Número de control de sistema (WaSeSS)ssj0002830074
040 ## - FUENTE DE LA CATALOGACIÓN
Centro/agencia modificador WaSeSS
Centro/agencia transcriptor tbs
041 ## - CÓDIGO DE LENGUA
Código de lengua del texto/banda sonora o título independiente English
050 #4 - SIGNATURA TOPOGRÁFICA DE LA BIBLIOTECA DEL CONGRESO
Número de clasificación HF54.5
100 ## - ENTRADA PRINCIPAL--NOMBRE DE PERSONA
Nombre de persona Baker-Brunnbauer, Josef.
Número de control del registro de autoridad o número normalizado (orcid)0000-0001-6805-8290
URI de un objeto del mundo real https://orcid.org/0000-0001-6805-8290.
9 (RLIN) 25769
245 10 - MENCIÓN DE TÍTULO
Título Trustworthy Artificial Intelligence Implementation
Resto del título : Introduction to the TAII Framework
Mención de responsabilidad, etc. / by Josef Baker-Brunnbauer.
250 ## - MENCIÓN DE EDICIÓN
Mención de edición First edition
264 #1 - PRODUCCIÓN, PUBLICACIÓN, DISTRIBUCIÓN, FABRICACIÓN Y COPYRIGHT
Producción, publicación, distribución, fabricación y copyright Cham :
Nombre del de productor, editor, distribuidor, fabricante Springer International Publishing :
-- Imprint: Springer,
Fecha de producción, publicación, distribución, fabricación o copyright 2023.
490 1# - MENCIÓN DE SERIE
Mención de serie Business Guides on the Go,
Número Internacional Normalizado para Publicaciones Seriadas 2731-4766
505 0# - NOTA DE CONTENIDO CON FORMATO
Nota de contenido con formato Artificial intelligence — Ethics and moral — Business and management perspective — Empirical study — Findings — TAII framework.
520 ## - SUMARIO, ETC.
Sumario, etc. Rapidly developing Artificial Intelligence (AI) systems hold tremendous potential to change various domains and exert considerable influence on societies and organizations alike. More than merely a technical discipline, AI requires interaction between various professions. Based on the results of fundamental literature and empirical research, this book addresses the management's awareness of the ethical and moral aspects of AI. It seeks to fill a literature gap and offer the management guidance on tackling Trustworthy AI Implementation (TAII) while also considering ethical dependencies within the company. The TAII Framework introduced here pursues a holistic approach to identifying systemic ethical relationships within the company ecosystem and considers corporate values, business models, and common goods aspects like the Sustainable Development Goals and the Universal Declaration of Human Rights. Further, it provides guidance on the implementation of AI ethics in organisations without requiring a deeper background in philosophy and considers the social impacts outside of the software and data engineering setting. Depending on the respective legal context or area of application, the TAII Framework can be adapted and used with a range of regulations and ethical principles. This book can serve as a case study or self-review for c-level managers and students who are interested in this field. It also offers valuable guidelines and perspectives for policymakers looking to pursue an ethical approach to AI. .
650 #0 - PUNTO DE ACCESO ADICIONAL DE MATERIA--TÉRMINO DE MATERIA
Término de materia o nombre geográfico como elemento de entrada Business information services
9 (RLIN) 7450
650 #0 - PUNTO DE ACCESO ADICIONAL DE MATERIA--TÉRMINO DE MATERIA
Término de materia o nombre geográfico como elemento de entrada Business ethics
9 (RLIN) 3022
650 #0 - PUNTO DE ACCESO ADICIONAL DE MATERIA--TÉRMINO DE MATERIA
Término de materia o nombre geográfico como elemento de entrada Technology
Subdivisión general Moral and ethical aspects
9 (RLIN) 25770
650 #0 - PUNTO DE ACCESO ADICIONAL DE MATERIA--TÉRMINO DE MATERIA
Término de materia o nombre geográfico como elemento de entrada Industrial organization
9 (RLIN) 3079
650 #0 - PUNTO DE ACCESO ADICIONAL DE MATERIA--TÉRMINO DE MATERIA
Término de materia o nombre geográfico como elemento de entrada Artificial Intelligence
9 (RLIN) 14147
830 #0 - PUNTO DE ACCESO ADICIONAL DE SERIE-TÍTULO UNIFORME
Título uniforme Business Guides on the Go,
Número Internacional Normalizado para Publicaciones Seriadas 2731-4766
942 ## - ELEMENTOS DE ENTRADA AGREGADA (KOHA)
Fuente del sistema de clasificación o colocación Clasificación de Library of Congress
Holdings
Estado de retiro Estado de pérdida Fuente del sistema de clasificación o colocación Estado dañado No para préstamo Biblioteca de origen Biblioteca actual Fecha de adquisición Total de préstamos Signatura topográfica completa Código de barras Fecha visto por última vez Número de copia Precio válido a partir de Tipo de ítem Koha
    Clasificación de Library of Congress     TBS Barcelona TBS Barcelona 26/08/2025   HF54.5 BAK B07652 26/08/2025 1 26/08/2025 Book

Powered by Koha